| 000 | 01597 a2200277 4500 | ||
|---|---|---|---|
| 005 | 20081021155415.0 | ||
| 008 | 081021t xxu||||| |||| 00| 0 hin d | ||
| 010 | _aHIN-84485 | ||
| 020 |
_c590.00 _a9788190606837 |
||
| 035 | _aHN-56831 | ||
| 037 | _bDBAD / PUB | ||
| 040 |
_aDPL _bHN |
||
| 082 | _a230.2 | ||
| 100 | _aचतुर्वेदी, विद्यासागर 'सागर' | ||
| 245 |
_aभीष्म पितामह का अन्तर्दाह / _cविद्यासागर चतुर्वेदी 'सागर' |
||
| 246 |
_aBhisma Pitaahaha kaa antarnaada _bby Vidyasagar Chaturvedi 'Sagar' |
||
| 260 |
_aदिल्ली _bअकादमिक प्रतिभा _c2008 |
||
| 270 |
_a42, एकता अपार्टमेंट, गीता कालोनी _bदिल्ली _e110031 _k011 22453953, 22445526, 9899242486 _mbooks@academicpratibha.com |
||
| 300 |
_a304पृ _c22 सेमी (सजिल्द) |
||
| 650 |
_aमहाभारत _xसमालोचना, व्याख्या आदि |
||
| 650 |
_aMahabharata _xCriticism, interpretation, etc. |
||
| 650 |
_aभीष्म (हिन्दू पौराणिक कथा ) _vकथा साहित्य |
||
| 650 |
_aBhisma ( Hindu mythology ) _vFiction |
||
| 942 |
_adpl _cHN _2ddc _h230.2 _mचतुर्वे |
||
| 999 |
_c16982 _d16982 |
||